Statistics for Solve the Linear Equation - Click Quiz

Click here to take the quiz!

General Stats

  • This quiz has been taken 14 times
  • The average score is 19 of 60

Answer Stats

HintAnswer% Correct
10-x=73
67%
2x-7=-70
58%
2+4x=143
58%
3+x=1-2
50%
4x+4=163
50%
3+2x=114
50%
x+9=101
42%
6x+2=-4-1
42%
-2-3x=4-2
42%
2x+7=112
42%
3x+1=72
42%
x+9=112
42%
x-1=-3-2
42%
-3x=-93
42%
x+4=1-3
42%
2x+4=103
42%
-x=3-3
42%
x+3=0-3
42%
3x-8=44
42%
1+x=-3-4
42%
x-1=-10
33%
6x+2=81
33%
2x+4=2-1
33%
1-3x=4-1
33%
3x+3=-3-2
33%
2-x=5-3
33%
6-2x=03
33%
5x+3=183
33%
4x=-16-4
33%
1-x=5-4
33%
1-x=-34
33%
x+3=30
25%
4x+8=80
25%
6-x=60
25%
2x+4=61
25%
6-x=51
25%
-3+x=-21
25%
2x-7=-51
25%
2x+4=82
25%
10x=-20-2
25%
3x=-6-2
25%
5-3x=-12
25%
1-3x=10-3
25%
3x+1=-8-3
25%
-3x+5=-74
25%
2x+1=94
25%
2x+5=-3-4
25%
-5x=00
17%
6-x=7-1
17%
7x+4=-3-1
17%
1-x=-12
17%
4-2x=02
17%
4-2x=10-3
17%
12-2x=44
17%
5-x=9-4
17%
3+3x=0-1
8%
3-2x=11
8%
2-4x=6-1
8%
2-4x=10-2
8%
1-3x=13-4
8%

Score Distribution

Percentile by Number Answered

Percent of People with Each Score

Your Score History

You have not taken this quiz